00375nam a2200121 a 4500008004100000020001800041050001500059100002100074245005100095260004900146300002000195650003800215190709s1998 ||||||||||||||||| || u a9780521625586 aQA 930 Lan aLaney, Culbert B10aComputational gasdynamicscBy Culbert B. Laney aCambridgebCambridege University Pressc1998 axiv, 613 pages  aGAS DYNAMICS--MATHEMATICAL MODELS